00390nam a2200145 a 450000100060000000300090000600800410001504000280005608200150008410000160009924500460011526000300016130000100019165000430020115066CO-ViMGA141112s2004 ck r 000 u spa d aCO-ViMGAbspacCO-ViMGA04a860.4 A5151 aAnónimo, 10aAnálisis literario de;Poema del Mio Cid aBogotá, cVoluntad 1991 a79.p.14aPOEMA DEL MIO CID - ANALISIS LITERARIO